[Event "Oberliga Baden 2223"]
[Site "Germany"]
[Date "2023.02.26"]
[Round "7.4"]
[White "Sermier, Guillaume"]
[Black "Arnold, Lothar"]
[Result "1-0"]
[WhiteElo "2367"]
[BlackElo "2382"]
[PlyCount "139"]
[EventDate "2022.09.18"]
[EventType "team-tourn"]
[EventRounds "9"]
[EventCountry "GER"]
[SourceTitle "EXT 2024"]
[Source "ChessBase"]
[SourceDate "2023.10.10"]
[SourceVersion "1"]
[SourceVersionDate "2023.10.10"]
[SourceQuality "1"]
[WhiteTeam "Brombach"]
[BlackTeam "Karlsruhe"]
[WhiteTeamCountry "GER"]
[BlackTeamCountry "GER"]

1. Nf3 d5 2. d4 Nc6 3. c4 Bg4 4. Nc3 e6 5. cxd5 exd5 6. Bg5 Be7 7. Bxe7 Ngxe7 8. e3 0-0 9. Be2 Nc8 10. 0-0 N6e7 11. b4 Nd6 12. b5 c6 13. bxc6 bxc6 14. Qa4 Ne4 15. Rfc1 Qd6 16. Qd1 Rab8 17. Nxe4 dxe4 18. Ne5 Be6 19. Rc5 f6 20. Nc4 Qd7 21. Rb1 Bd5 22. a4 Rxb1 23. Qxb1 Qc7 24. Nd2 Rb8 25. Qc2 Qb7 26. Bc4 Kf8 27. Bxd5 cxd5 28. Rc7 Rc8 29. Rxb7 Rxc2 30. Nb3 Rb2 31. g3 Nf5 32. a5 Ke8 33. Rb5 Ke7 34. Rxd5 Nxe3 35. fxe3 Rxb3 36. Kf2 Ke6 37. Rc5 Rb7 38. h4 g6 39. g4 h6 40. g5 hxg5 41. hxg5 fxg5 42. Rxg5 Kf6 43. Re5 Rb3 44. Rxe4 Rb5 45. Kf3 Rxa5 46. Re8 g5 47. e4 Kf7 48. Rc8 Ra4 49. Rd8 Ke7 50. Rd5 Ke6 51. Kg4 a5 52. Kxg5 Ra1 53. Rb5 Ra4 54. Re5+ Kd6 55. Rd5+ Ke6 56. Kf4 Ra1 57. Rb5 Rf1+ 58. Ke3 Re1+ 59. Kd3 Rd1+ 60. Kc3 Rc1+ 61. Kd2 Ra1 62. Rb6+ Kd7 63. Kd3 a4 64. Kc4 a3 65. Ra6 a2 66. Kd5 Kc7 67. e5 Kb7 68. Ra3 Kc7 69. e6 Kb8 70. e7 1-0

[Event "SUI-chT"]
[Site "Switzerland"]
[Date "2022.11.13"]
[Round "9.1"]
[White "Sermier, Guillaume"]
[Black "Prusikin, Michael"]
[Result "1/2-1/2"]
[WhiteElo "2365"]
[BlackElo "2515"]
[PlyCount "60"]
[EventDate "2022.05.01"]
[EventType "team-tourn"]
[EventRounds "9"]
[EventCountry "SUI"]
[SourceTitle "EXT 2024"]
[Source "ChessBase"]
[SourceDate "2023.10.10"]
[SourceVersion "1"]
[SourceVersionDate "2023.10.10"]
[SourceQuality "1"]
[WhiteTeam "Echallens"]
[BlackTeam "Wollishofen"]
[WhiteTeamCountry "SUI"]
[BlackTeamCountry "SUI"]

1. Nf3 d5 2. d4 Nf6 3. c4 e6 4. g3 Bb4+ 5. Bd2 Be7 6. Bg2 c6 7. Qc2 Nbd7 8. 0-0 Ne4 9. Nc3 Nxd2 10. Nxd2 0-0 11. Rab1 a5 12. e3 Nb6 13. Ne2 Bb4 14. c5 Bxd2 15. Qxd2 Nd7 16. Nc3 b6 17. cxb6 Nxb6 18. b3 Qd6 19. Rfc1 Ba6 20. Nd1 a4 21. Nb2 axb3 22. axb3 Bb5 23. Nd3 Nd7 24. Nc5 Nf6 25. Qb2 h6 26. Ra1 Rfb8 27. Rxa8 Rxa8 28. Ra1 Qb8 29. Ra3 Rxa3 30. Qxa3 e5 1/2-1/2

[Event "Oberliga Baden 2223"]
[Site "Germany"]
[Date "2022.10.23"]
[Round "3.4"]
[White "Sermier, Guillaume"]
[Black "Moeldner, Juergen"]
[Result "1-0"]
[WhiteElo "2367"]
[BlackElo "2232"]
[PlyCount "109"]
[EventDate "2022.09.18"]
[EventType "team-tourn"]
[EventRounds "9"]
[EventCountry "GER"]
[SourceTitle "EXT 2024"]
[Source "ChessBase"]
[SourceDate "2023.10.10"]
[SourceVersion "1"]
[SourceVersionDate "2023.10.10"]
[SourceQuality "1"]
[WhiteTeam "Brombach"]
[BlackTeam "Hockenheim"]
[WhiteTeamCountry "GER"]
[BlackTeamCountry "GER"]

1. Nf3 c5 2. c4 b6 3. d4 cxd4 4. Nxd4 Bb7 5. Nc3 Nf6 6. f3 d6 7. e4 Nbd7 8. Be3 e6 9. Qd2 a6 10. Be2 Be7 11. 0-0 0-0 12. Rfd1 Re8 13. Rac1 Bf8 14. Bf1 Qc7 15. a3 Rac8 16. b4 Ba8 17. Nb3 Qb7 18. Qf2 Rc7 19. Na4 Rb8 20. Bf4 Ne8 21. Kh1 Rbc8 22. Nb2 a5 23. Be3 axb4 24. axb4 Nef6 25. Na4 Rb8 26. Nc3 Rcc8 27. Nb5 Re8 28. Nxd6 Bxd6 29. Rxd6 Qc7 30. Rdd1 Rbc8 31. Nd4 Bc6 32. Nxc6 Qxc6 33. Qb2 e5 34. Ra1 Ra8 35. Rxa8 Rxa8 36. Ra1 h6 37. Rxa8+ Qxa8 38. Kg1 Qa4 39. Be2 Nh5 40. g3 g5 41. Qd2 Nhf6 42. h3 Kf8 43. c5 bxc5 44. bxc5 Qc6 45. Qb4 Kg7 46. Bb5 Qe6 47. Kg2 Qa2+ 48. Bf2 h5 49. Bxd7 Nxd7 50. c6 Nf6 51. c7 Qc2 52. Qc5 Qe2 53. c8Q g4 54. hxg4 hxg4 55. Qe3 1-0

[Event "SUI-chT"]
[Site "Switzerland"]
[Date "2022.09.18"]
[Round "7.1"]
[White "Sermier, Guillaume"]
[Black "Stojanovic, Mihajlo"]
[Result "1/2-1/2"]
[WhiteElo "2365"]
[BlackElo "2501"]
[PlyCount "74"]
[EventDate "2022.05.01"]
[EventType "team-tourn"]
[EventRounds "9"]
[EventCountry "SUI"]
[SourceTitle "EXT 2023"]
[Source "ChessBase"]
[SourceDate "2022.10.05"]
[SourceVersion "1"]
[SourceVersionDate "2022.10.05"]
[SourceQuality "1"]
[WhiteTeam "Echallens"]
[BlackTeam "Reti"]
[WhiteTeamCountry "SUI"]
[BlackTeamCountry "SUI"]

1. e4 e6 2. d4 d5 3. Nc3 Nf6 4. Bg5 dxe4 5. Nxe4 Be7 6. Bxf6 gxf6 7. Nf3 b6 8. Bb5+ c6 9. Bd3 Bb7 10. Qe2 Qc7 11. 0-0-0 Nd7 12. Rhe1 0-0-0 13. Ba6 Bxa6 14. Qxa6+ Kb8 15. Qe2 f5 16. Ned2 h5 17. Nc4 h4 18. Nce5 Nxe5 19. Nxe5 Bg5+ 20. Kb1 Bf4 21. g3 hxg3 22. hxg3 Bxe5 23. dxe5 Rxd1+ 24. Rxd1 Rd8 25. Rxd8+ Qxd8 26. c3 Qd5 27. f4 b5 28. b3 a5 29. Kc2 Kc7 30. Qh5 Qg2+ 31. Kb1 Qg1+ 32. Kb2 Qf2+ 33. Kb1 Qe1+ 34. Kb2 Qd2+ 35. Kb1 Qe1+ 36. Kb2 Qd2+ 37. Kb1 Qe1+ 1/2-1/2

[Event "SUI-chT"]
[Site "Switzerland"]
[Date "2022.09.17"]
[Round "6.1"]
[White "Vernay, Clovis"]
[Black "Sermier, Guillaume"]
[Result "1-0"]
[WhiteElo "2523"]
[BlackElo "2365"]
[PlyCount "81"]
[EventDate "2022.05.01"]
[EventType "team-tourn"]
[EventRounds "9"]
[EventCountry "SUI"]
[SourceTitle "EXT 2023"]
[Source "ChessBase"]
[SourceDate "2022.10.05"]
[SourceVersion "1"]
[SourceVersionDate "2022.10.05"]
[SourceQuality "1"]
[WhiteTeam "Geneve"]
[BlackTeam "Echallens"]
[WhiteTeamCountry "SUI"]
[BlackTeamCountry "SUI"]

1. d4 Nf6 2. c4 e6 3. Nc3 Bb4 4. e3 0-0 5. Bd3 d5 6. Nf3 dxc4 7. Bxc4 b6 8. 0-0 Bb7 9. Qe2 Nbd7 10. Rd1 Qe7 11. a3 Bxc3 12. bxc3 Ne4 13. Bb2 e5 14. a4 Nd6 15. Ba3 Qf6 16. Ba6 Bxa6 17. Qxa6 e4 18. Nd2 Qe6 19. a5 f5 20. Bxd6 Qxd6 21. axb6 cxb6 22. Qb5 g6 23. Ra6 Qc7 24. Qb3+ Kg7 25. Rda1 Rf7 26. h3 Rc8 27. c4 Ra8 28. Qb2 Kg8 29. Qb5 Qb7 30. c5 Nb8 31. R6a2 bxc5 32. Qxc5 Nd7 33. Qd6 Nb6 34. Ra6 Kg7 35. Qe5+ Kg8 36. Qe6 Kg7 37. Nb3 Nd7 38. Na5 Qb5 39. Nc4 Rf6 40. Qe7+ Kh6 41. Nd6 1-0

[Event "SUI-chT"]
[Site "Switzerland"]
[Date "2022.09.03"]
[Round "4.3"]
[White "Sermier, Guillaume"]
[Black "Joie, Sebastien"]
[Result "0-1"]
[WhiteElo "2365"]
[BlackElo "2376"]
[PlyCount "88"]
[EventDate "2022.05.01"]
[EventType "team-tourn"]
[EventRounds "9"]
[EventCountry "SUI"]
[SourceTitle "EXT 2023"]
[Source "ChessBase"]
[SourceDate "2022.10.05"]
[SourceVersion "1"]
[SourceVersionDate "2022.10.05"]
[SourceQuality "1"]
[WhiteTeam "Echallens"]
[BlackTeam "Nyon"]
[WhiteTeamCountry "SUI"]
[BlackTeamCountry "SUI"]

1. e4 c6 2. Nc3 d5 3. Nf3 dxe4 4. Nxe4 Nf6 5. Ng3 h5 6. h3 c5 7. Bb5+ Bd7 8. Bxd7+ Qxd7 9. Qe2 Nc6 10. 0-0 e6 11. b3 Be7 12. Bb2 0-0-0 13. Rfd1 h4 14. Ne4 Nxe4 15. Qxe4 Bf6 16. Bxf6 gxf6 17. a3 f5 18. Qc4 Qd5 19. Qxd5 Rxd5 20. d3 Nd4 21. Nxd4 cxd4 22. Kh2 f4 23. Re1 Rg8 24. Re4 e5 25. Rg1 Rc5 26. Re2 Kd7 27. g3 f3 28. Rd2 Ke6 29. gxh4 Rxg1 30. Kxg1 Kf5 31. Kh2 Kf4 32. Kh1 b5 33. Kh2 Rc6 34. a4 bxa4 35. bxa4 a5 36. h5 f5 37. c4 dxc3 38. Rc2 e4 39. h6 exd3 40. h7 dxc2 41. h8Q c1Q 42. Qd4+ Kg5 43. Qd8+ Kh5 44. Qh8+ Rh6 0-1

[Event "SUI-chT"]
[Site "Switzerland"]
[Date "2021.12.12"]
[Round "9.1"]
[White "Georgiadis, Nico"]
[Black "Sermier, Guillaume"]
[Result "1/2-1/2"]
[WhiteElo "2553"]
[BlackElo "2366"]
[PlyCount "127"]
[EventDate "2021.08.29"]
[EventType "team-tourn"]
[EventRounds "9"]
[EventCountry "SUI"]
[SourceTitle "EXT 2023"]
[Source "ChessBase"]
[SourceDate "2022.10.05"]
[SourceVersion "1"]
[SourceVersionDate "2022.10.05"]
[SourceQuality "1"]
[WhiteTeam "Winterthur"]
[BlackTeam "Echallens"]
[WhiteTeamCountry "SUI"]
[BlackTeamCountry "SUI"]

1. e4 e6 2. d4 d5 3. Nc3 Nf6 4. Bg5 dxe4 5. Nxe4 Be7 6. Bxf6 Bxf6 7. Nf3 Nd7 8. Qd2 Be7 9. 0-0-0 0-0 10. Qf4 b6 11. Bd3 Bb7 12. h4 Nf6 13. Nxf6+ Bxf6 14. Kb1 Qd6 15. Qg4 h6 16. Ng5 Rfd8 17. c3 c5 18. Bh7+ Kf8 19. Be4 Bd5 20. Nh7+ Ke7 21. Bc2 cxd4 22. Nxf6 gxf6 23. Rxd4 Rg8 24. Qe2 Qe5 25. Qd2 Bc6 26. Re1 Qc7 27. Qxh6 Rh8 28. Qe3 Bxg2 29. Bb3 Qc6 30. Rc4 Qd6 31. Rd4 Qc6 32. f4 Rxh4 33. Qg3 Rh1 34. Rxh1 Bxh1 35. a3 Rd8 36. Rxd8 Kxd8 37. Bc2 Be4 38. Qe3 Bxc2+ 39. Kxc2 Qd5 40. b3 f5 41. Qf2 Qe4+ 42. Kb2 Qd3 43. a4 Kc7 44. a5 Qd5 45. axb6+ axb6 46. c4 Qe4 47. c5 Qb4 48. cxb6+ Qxb6 49. Qd2 Qd6 50. Qc3+ Kb7 51. Qf3+ Kb6 52. Qe3+ Kc6 53. Qc3+ Qc5 54. Qd2 f6 55. Qg2+ Kb6 56. Qg8 Qd4+ 57. Ka2 Qd2+ 58. Kb1 Qd6 59. Qc8 Qd1+ 60. Kb2 Qe2+ 61. Kc3 Qe3+ 62. Kb2 Qe2+ 63. Kc3 Qe3+ 64. Kb2 1/2-1/2

[Event "SUI-chT"]
[Site "Switzerland"]
[Date "2021.12.11"]
[Round "8.1"]
[White "Stojanovic, Mihajlo"]
[Black "Sermier, Guillaume"]
[Result "1/2-1/2"]
[WhiteElo "2500"]
[BlackElo "2366"]
[PlyCount "101"]
[EventDate "2021.08.29"]
[EventType "team-tourn"]
[EventRounds "9"]
[EventCountry "SUI"]
[SourceTitle "EXT 2023"]
[Source "ChessBase"]
[SourceDate "2022.10.05"]
[SourceVersion "1"]
[SourceVersionDate "2022.10.05"]
[SourceQuality "1"]
[WhiteTeam "Reti"]
[BlackTeam "Echallens"]
[WhiteTeamCountry "SUI"]
[BlackTeamCountry "SUI"]

1. d4 d5 2. c4 c6 3. Nc3 Nf6 4. e3 g6 5. Nf3 Bg7 6. Bd3 0-0 7. 0-0 a6 8. Bd2 Nbd7 9. cxd5 cxd5 10. Qb3 e6 11. Rfc1 Re8 12. Ne2 Ne4 13. Be1 b6 14. Rc2 Bb7 15. Rac1 Rb8 16. a4 Bf8 17. a5 b5 18. Bb4 Nd6 19. Qa2 Nc4 20. Bxf8 Rxf8 21. Ra1 Rc8 22. b3 Nd6 23. Rxc8 Qxc8 24. Qa3 Qb8 25. Ne5 Nxe5 26. dxe5 Nc8 27. f4 Na7 28. Rc1 Rc8 29. Nd4 Nc6 30. Nxc6 Rxc6 31. Rxc6 Bxc6 32. Qc5 Qb7 33. g4 Be8 34. Kf2 Bc6 35. h4 d4 36. Qxd4 Bf3 37. Kg3 h5 38. f5 Bxg4 39. Be4 Qc7 40. fxg6 fxg6 41. Bxg6 Kg7 42. Be4 Qxa5 43. b4 Qc7 44. Qd6 Qa7 45. Kf4 Qf7+ 46. Kg3 Qa7 47. Kf2 Qf7+ 48. Kg3 Qa7 49. Kf2 Qf7+ 50. Kg3 Qa7 51. Kf2 1/2-1/2

[Event "SUI-chT"]
[Site "Switzerland"]
[Date "2021.08.29"]
[Round "1.1"]
[White "Sermier, Guillaume"]
[Black "Pelletier, Yannick"]
[Result "0-1"]
[WhiteElo "2366"]
[BlackElo "2555"]
[PlyCount "74"]
[EventDate "2021.08.29"]
[EventType "team-tourn"]
[EventRounds "9"]
[EventCountry "SUI"]
[SourceTitle "CBM 204 Extra"]
[Source "ChessBase"]
[SourceDate "2021.11.30"]
[SourceVersion "1"]
[SourceVersionDate "2021.11.30"]
[SourceQuality "1"]
[WhiteTeam "Echallens"]
[BlackTeam "Zuerich"]
[WhiteTeamCountry "SUI"]
[BlackTeamCountry "SUI"]

1. d4 Nf6 2. Nf3 e6 3. c4 d5 4. cxd5 exd5 5. Nc3 c6 6. Qc2 g6 7. Bg5 Be7 8. Bxf6 Bxf6 9. e3 Bf5 10. Bd3 Bxd3 11. Qxd3 0-0 12. 0-0-0 Nd7 13. Kb1 b5 14. h4 Nb6 15. h5 Qe7 16. Ne2 Rfc8 17. hxg6 hxg6 18. Ng3 c5 19. dxc5 Na4 20. Nd4 Nxc5 21. Qe2 Ne4 22. Qf3 Rc4 23. Nxe4 dxe4 24. Qe2 a6 25. Rc1 Rac8 26. Rxc4 Rxc4 27. Rc1 Rxc1+ 28. Kxc1 Bxd4 29. exd4 Qg5+ 30. Qe3 Qxg2 31. Kd2 Qf3 32. Qxf3 exf3 33. Ke3 g5 34. Kxf3 f5 35. Ke3 Kf7 36. d5 Ke7 37. Kd4 Kd6 0-1

[Event "SUI-chT"]
[Site "Switzerland"]
[Date "2019.10.19"]
[Round "8.2"]
[White "Sermier, Guillaume"]
[Black "Habibi, Ali"]
[Result "1-0"]
[WhiteElo "2356"]
[BlackElo "2222"]
[PlyCount "85"]
[EventDate "2019.03.10"]
[EventType "team-tourn"]
[EventRounds "9"]
[EventCountry "SUI"]
[SourceTitle "CBM 192 Extra"]
[Source "Chessbase"]
[SourceDate "2019.11.06"]
[SourceVersion "1"]
[SourceVersionDate "2019.11.06"]
[SourceQuality "1"]
[WhiteTeam "Echallens"]
[BlackTeam "Solothurn"]
[WhiteTeamCountry "SUI"]
[BlackTeamCountry "SUI"]

1. Nf3 c5 2. c4 b6 3. d4 Nf6 4. Nc3 Bb7 5. d5 d6 6. e4 Nbd7 7. Be2 g6 8. 0-0 Bg7 9. h3 0-0 10. Bf4 b5 11. cxb5 a6 12. a4 Qc7 13. Nd2 Rfb8 14. Nc4 Ne8 15. Qd2 Bc8 16. Ra3 Qd8 17. Rfa1 Nc7 18. Na5 Qf8 19. Nc6 Rb7 20. Bg5 Nf6 21. Bc4 h6 22. Be3 e6 23. Bf4 e5 24. Be3 Nd7 25. Qe2 Nb8 26. Na5 Rb6 27. b4 Kh7 28. bxc5 dxc5 29. Nb3 Nd7 30. a5 Rbb8 31. b6 Ne8 32. Na4 Nd6 33. Naxc5 f5 34. Nxd7 Bxd7 35. Nc5 Bc8 36. f3 Nxc4 37. Qxc4 Qf7 38. Rb3 Bf8 39. Rab1 g5 40. b7 Bxc5 41. bxa8Q Bxe3+ 42. Rxe3 Rxa8 43. Rc3 1-0

[Event "SUI-chT"]
[Site "Switzerland"]
[Date "2019.05.04"]
[Round "3.1"]
[White "Kraemer, Martin"]
[Black "Sermier, Guillaume"]
[Result "1/2-1/2"]
[WhiteElo "2586"]
[BlackElo "2356"]
[PlyCount "89"]
[EventDate "2019.03.10"]
[EventType "team-tourn"]
[EventRounds "9"]
[EventCountry "SUI"]
[SourceTitle "CBM 190 Extra"]
[Source "ChessBase"]
[SourceDate "2019.07.15"]
[SourceVersion "1"]
[SourceVersionDate "2019.07.15"]
[SourceQuality "1"]
[WhiteTeam "Luzern"]
[BlackTeam "Echallens"]
[WhiteTeamCountry "SUI"]
[BlackTeamCountry "SUI"]

1. d4 d5 2. c4 c6 3. Nf3 Nf6 4. e3 Bf5 5. Nc3 e6 6. Nh4 Bg6 7. Nxg6 hxg6 8. Bd2 Nbd7 9. g3 Be7 10. Qb3 Qb6 11. Bg2 Qa6 12. Bf1 Qb6 13. Be2 0-0 14. 0-0 dxc4 15. Bxc4 c5 16. dxc5 Qxb3 17. Bxb3 Nxc5 18. Bc2 Rfd8 19. Rfd1 Nd3 20. Bxd3 Rxd3 21. Kf1 Rad8 22. Ke2 a6 23. Rac1 Bb4 24. a3 Bxc3 25. Bxc3 Rxd1 26. Rxd1 Rxd1 27. Kxd1 Nd7 28. h4 e5 29. Kc2 f6 30. Kd3 Kf7 31. Kc4 Ke6 32. e4 f5 33. f3 fxe4 34. fxe4 g5 35. hxg5 g6 36. Bb4 b5+ 37. Kc3 Nb8 38. Bc5 Nc6 39. b3 Kd7 40. a4 Ke6 41. Bb6 Kd6 42. Be3 Ke6 43. Bc5 Kd7 44. Bb6 Kd6 45. Be3 1/2-1/2

[Event "SUI-chT"]
[Site "Switzerland"]
[Date "2018.09.08"]
[Round "6.1"]
[White "Ragger, Markus"]
[Black "Sermier, Guillaume"]
[Result "1-0"]
[WhiteElo "2668"]
[BlackElo "2405"]
[PlyCount "121"]
[EventDate "2018.03.25"]
[EventType "team-tourn"]
[EventRounds "9"]
[EventCountry "SUI"]
[SourceTitle "EXT 2019"]
[Source "ChessBase"]
[SourceDate "2018.10.10"]
[SourceVersion "1"]
[SourceVersionDate "2018.10.10"]
[SourceQuality "1"]
[WhiteTeam "Riehen"]
[BlackTeam "Echallens"]
[WhiteTeamCountry "SUI"]
[BlackTeamCountry "SUI"]

1. e4 e5 2. Nf3 Nc6 3. Bc4 Bc5 4. d3 Nf6 5. c3 d6 6. 0-0 a6 7. a4 Ba7 8. Re1 h6 9. Nbd2 0-0 10. h3 Be6 11. Bxe6 fxe6 12. b4 Nh5 13. Nf1 Qe8 14. Ra2 Nf4 15. Kh2 Qh5 16. Ng1 Qxd1 17. Rxd1 a5 18. b5 Nb8 19. d4 Nd7 20. Be3 Ng6 21. Nf3 Nf6 22. Ng3 exd4 23. cxd4 d5 24. e5 Nd7 25. Rc2 Bb6 26. Ne2 Rfc8 27. Rdc1 Ne7 28. Nf4 Kf7 29. g4 c6 30. bxc6 Rxc6 31. Rxc6 Nxc6 32. g5 Rh8 33. Rb1 Ne7 34. Rc1 Nf5 35. Rc3 Re8 36. h4 Rh8 37. g6+ Ke7 38. Bc1 Re8 39. Ne2 Kd8 40. h5 Nb8 41. Rb3 Kc7 42. Ba3 Nd7 43. Rd3 Kb8 44. Nf4 Bc7 45. Kh3 Nb6 46. Kg4 Nxa4 47. Nxe6 Rxe6 48. Kxf5 Re8 49. Rb3 Nb6 50. Nd2 Ka7 51. Rc3 Bd8 52. f4 Na4 53. Rc8 b5 54. Bd6 Nb6 55. Rb8 a4 56. Bc7 Bxc7 57. Rxe8 Nc4 58. Nxc4 bxc4 59. e6 a3 60. e7 a2 61. Ra8+ 1-0

[Event "SUI-chT"]
[Site "Switzerland"]
[Date "2018.04.15"]
[Round "2.1"]
[White "Sermier, Guillaume"]
[Black "Bauer, Christian"]
[Result "0-1"]
[WhiteElo "2405"]
[BlackElo "2630"]
[PlyCount "110"]
[EventDate "2018.03.25"]
[EventType "team-tourn"]
[EventRounds "9"]
[EventCountry "SUI"]
[SourceTitle "EXT 2019"]
[Source "ChessBase"]
[SourceDate "2018.10.10"]
[SourceVersion "1"]
[SourceVersionDate "2018.10.10"]
[SourceQuality "1"]
[WhiteTeam "Echallens"]
[BlackTeam "Zuerich"]
[WhiteTeamCountry "SUI"]
[BlackTeamCountry "SUI"]

1. d4 f5 2. g3 Nf6 3. Bg2 d6 4. c4 e5 5. dxe5 dxe5 6. Qxd8+ Kxd8 7. Nc3 c6 8. Nf3 e4 9. Nd4 Na6 10. Bg5 Be7 11. 0-0-0 Ke8 12. f3 exf3 13. exf3 Kf7 14. Rhe1 h6 15. Be3 Rd8 16. Bh3 g6 17. Bf1 Bf8 18. Nb3 Re8 19. Bf2 Rxe1 20. Rxe1 c5 21. f4 b6 22. Bg2 Rb8 23. a3 Nc7 24. Nd2 Be6 25. Nf3 Bd6 26. Bf1 Ng4 27. Bg1 Rg8 28. h3 Nf6 29. Ne5+ Kf8 30. Bf2 g5 31. fxg5 hxg5 32. b3 Kg7 33. Bg2 a6 34. Kc2 b5 35. Nd3 bxc4 36. bxc4 Bxc4 37. Nxc5 Rc8 38. Bb7 Rb8 39. Bg2 Nb5 40. Nxb5 Rxb5 41. Ne6+ Kg6 42. Nd4 Ra5 43. Kc3 Bd5 44. Bxd5 Nxd5+ 45. Kd2 Nf6 46. g4 fxg4 47. hxg4 Rxa3 48. Re6 Kf7 49. Ke2 Bc5 50. Rc6 Ra2+ 51. Ke1 Bb4+ 52. Kf1 Nxg4 53. Bg1 Ne5 54. Re6 Ra1+ 55. Ke2 Re1+ 0-1

[Event "SUI-chT"]
[Site "Switzerland"]
[Date "2017.09.02"]
[Round "6.2"]
[White "Huebner, Robert"]
[Black "Sermier, Guillaume"]
[Result "1-0"]
[WhiteElo "2569"]
[BlackElo "2376"]
[PlyCount "85"]
[EventDate "2017.03.19"]
[EventType "team-swiss"]
[EventRounds "9"]
[EventCountry "SUI"]
[SourceTitle "EXT 2018"]
[Source "ChessBase"]
[SourceDate "2017.10.13"]
[SourceVersion "1"]
[SourceVersionDate "2017.10.13"]
[SourceQuality "1"]
[WhiteTeam "Luzern"]
[BlackTeam "Neuchatel"]
[WhiteTeamCountry "SUI"]
[BlackTeamCountry "SUI"]

1. d4 e6 2. Nf3 Nf6 3. g3 d5 4. Bg2 Be7 5. c4 0-0 6. 0-0 dxc4 7. Qc2 a6 8. a4 Bd7 9. Qxc4 Bc6 10. Nc3 b5 11. Qd3 b4 12. Nb1 Be4 13. Qd1 Nbd7 14. Nbd2 Bb7 15. Nc4 c5 16. Bf4 cxd4 17. Qxd4 Nc5 18. Qxd8 Raxd8 19. Na5 Ba8 20. Ne5 Bxg2 21. Kxg2 Nd5 22. Nec6 Nxf4+ 23. gxf4 Rd7 24. Nxe7+ Rxe7 25. Rfc1 Ne4 26. Rc4 Nf6 27. Rxb4 Nd5 28. Rc4 g6 29. Kf3 Rb8 30. e4 Nf6 31. b4 Rd7 32. Nc6 Rbb7 33. Ke2 Kg7 34. Rac1 Nh5 35. Ke3 Rd6 36. Ne5 Rdb6 37. Nd3 Nf6 38. f3 Rd6 39. Rc6 Rb6 40. Rxb6 Rxb6 41. Rc7 Ne8 42. Ra7 Nd6 43. a5 1-0

[Event "FRA Cup"]
[Site "Asnieres sur Seine"]
[Date "2017.06.24"]
[Round "1.2"]
[White "Sermier, Guillaume"]
[Black "Demuth, Adrien"]
[Result "1/2-1/2"]
[WhiteElo "2368"]
[BlackElo "2548"]
[PlyCount "91"]
[EventDate "2017.06.24"]
[EventType "team-k.o."]
[EventRounds "2"]
[EventCountry "FRA"]
[SourceTitle "CBM 179 Extra"]
[Source "ChessBase"]
[SourceDate "2017.08.23"]
[SourceVersion "1"]
[SourceVersionDate "2017.08.23"]
[SourceQuality "1"]
[WhiteTeam "Besancon"]
[BlackTeam "Nice Alekhine"]
[WhiteTeamCountry "FRA"]
[BlackTeamCountry "FRA"]

1. Nf3 f5 2. g3 Nf6 3. Bg2 g6 4. 0-0 Bg7 5. c4 0-0 6. Nc3 d6 7. d4 c6 8. b3 Na6 9. Bb2 Qc7 10. d5 e5 11. dxe6 Bxe6 12. Nd4 Rfe8 13. e3 Bf7 14. Rc1 Rad8 15. Qc2 Qe7 16. Qb1 Ng4 17. Nde2 Nc5 18. Rcd1 h5 19. Nf4 h4 20. Nd3 Nd7 21. Ne2 hxg3 22. hxg3 Ndf6 23. Nd4 Ne4 24. Nf3 Nc3 25. Qa1 Nxd1 26. Bxg7 Ndxe3 27. Bh8 Ne5 28. Ndxe5 dxe5 29. Nxe5 Nxf1 30. Nxc6 Qf8 31. Nxd8 Rxd8 32. Kxf1 Rd7 33. Bf3 Qh6 34. Bd4 g5 35. Bxa7 b5 36. Qe5 bxc4 37. Be3 cxb3 38. axb3 Qa6+ 39. Kg1 Qe6 40. Qb8+ Qe8 41. Qxe8+ Bxe8 42. Bxg5 Rd3 43. Kg2 Rxb3 44. Bd5+ Bf7 45. Bxb3 Bxb3 46. Bf4 1/2-1/2

[Event "SUI-chT"]
[Site "Switzerland"]
[Date "2017.06.11"]
[Round "5.2"]
[White "Degtiarev, Evgeny"]
[Black "Sermier, Guillaume"]
[Result "0-1"]
[WhiteElo "2406"]
[BlackElo "2376"]
[PlyCount "68"]
[EventDate "2017.03.19"]
[EventType "team-swiss"]
[EventRounds "9"]
[EventCountry "SUI"]
[SourceTitle "EXT 2018"]
[Source "ChessBase"]
[SourceDate "2017.10.13"]
[SourceVersion "1"]
[SourceVersionDate "2017.10.13"]
[SourceQuality "1"]
[WhiteTeam "Reti"]
[BlackTeam "Neuchatel"]
[WhiteTeamCountry "SUI"]
[BlackTeamCountry "SUI"]

1. d4 d5 2. c4 c6 3. Nf3 Nf6 4. e3 Bg4 5. cxd5 Bxf3 6. Qxf3 cxd5 7. Bb5+ Nc6 8. 0-0 e6 9. Bd2 Rc8 10. Rc1 Bd6 11. Nc3 0-0 12. g3 a6 13. Bf1 Qe7 14. Be1 Rc7 15. Rd1 Rfc8 16. a3 Qe8 17. h4 h5 18. e4 dxe4 19. Nxe4 Nxe4 20. Qxe4 Ne7 21. Ba5 Rc6 22. Bd3 g6 23. Qf3 Bc7 24. Bd2 Nd5 25. b4 Rd6 26. b5 axb5 27. Rab1 Bb6 28. Bxb5 Qd8 29. Bg5 Qf8 30. Rd3 Bd8 31. Bd2 Bf6 32. a4 b6 33. Ba6 Rcd8 34. Bb7 Qg7 0-1

[Event "SUI-chT"]
[Site "Switzerland"]
[Date "2017.05.14"]
[Round "4.2"]
[White "Sermier, Guillaume"]
[Black "Bauer, Christian"]
[Result "1/2-1/2"]
[WhiteElo "2376"]
[BlackElo "2630"]
[PlyCount "176"]
[EventDate "2017.03.19"]
[EventType "team-swiss"]
[EventRounds "9"]
[EventCountry "SUI"]
[SourceTitle "EXT 2018"]
[Source "ChessBase"]
[SourceDate "2017.10.13"]
[SourceVersion "1"]
[SourceVersionDate "2017.10.13"]
[SourceQuality "1"]
[WhiteTeam "Neuchatel"]
[BlackTeam "Zuerich"]
[WhiteTeamCountry "SUI"]
[BlackTeamCountry "SUI"]

1. Nf3 c5 2. c4 b6 3. g3 Bb7 4. Bg2 g6 5. 0-0 Bg7 6. Nc3 Nc6 7. d3 e6 8. a3 Nge7 9. Bd2 0-0 10. Rb1 d5 11. b4 cxb4 12. axb4 dxc4 13. dxc4 Rc8 14. c5 bxc5 15. bxc5 Na5 16. Nb5 Rxc5 17. Qa4 Nec6 18. Be3 Rc4 19. Qa3 Rc2 20. Nxa7 Nxa7 21. Bxa7 Rxe2 22. Bb6 Nc4 23. Bxd8 Nxa3 24. Rxb7 Rxd8 25. Ng5 Rf8 26. Rd1 h6 27. Nf3 Rb2 28. Rxb2 Bxb2 29. Bf1 Rc8 30. Kg2 Kf8 31. Rd7 Nc2 32. Rd2 Bf6 33. Rd7 Rc3 34. h4 Nb4 35. Nd2 Be7 36. Ne4 Rc2 37. Rd2 Rc1 38. Nd6 Nc2 39. Be2 f5 40. Rd1 Rxd1 41. Bxd1 Na3 42. Nb7 Nb5 43. Na5 Kf7 44. f4 h5 45. Nc4 Kf6 46. Ba4 Nc7 47. Kf3 Bb4 48. Bc6 Be1 49. Ne5 Bc3 50. Nc4 Na6 51. Nb6 Bd4 52. Nc4 Nb4 53. Be8 Nd5 54. Kg2 Bc3 55. Kf2 Ke7 56. Bc6 Nf6 57. Kf3 Ng4 58. Ke2 e5 59. Nxe5 Bxe5 60. fxe5 Nxe5 61. Bb5 Nf7 62. Ke3 Kf6 63. Kf4 Nd6 64. Bc6 Ke6 65. Kg5 Kf7 66. Bd5+ Kg7 67. Bc6 Nf7+ 68. Kf4 Nd8 69. Be8 Kf6 70. Ke3 Ne6 71. Kf3 Nc5 72. Ke3 Ne4 73. Kf4 Nc5 74. Ke3 Ne6 75. Kf3 f4 76. Bd7 fxg3 77. Kxg3 Ng7 78. Ba4 Ke5 79. Bb5 Nf5+ 80. Kh3 Nd6 81. Ba4 Kf4 82. Bc6 Ke3 83. Ba4 Kf3 84. Bc6+ Kf2 85. Ba4 Nf7 86. Bc2 Ne5 87. Bb1 Kf3 88. Bc2 Kf2 1/2-1/2